Tables for the purchasing of estates, freehold, copyhold, or leasehold &c. (Record no. 113876)

MARC details
000 -LEADER
fixed length control field 00588cam a22001935a 4500
001 - CONTROL NUMBER
control field L155856
008 - FIXED-LENGTH DATA ELEMENTS--GENERAL INFORMATION
fixed length control field 120418s1839 xxk f 000 0 eng d
035 ## - SYSTEM CONTROL NUMBER
System control number (Sirsi) u155856
041 0# - LANGUAGE CODE
Language code of text/sound track or separate title eng
100 1# - MAIN ENTRY--PERSONAL NAME
Personal name Inwood, William
Dates associated with a name 1771?-1843
245 00 - TITLE STATEMENT
Title Tables for the purchasing of estates, freehold, copyhold, or leasehold &c.
250 ## - EDITION STATEMENT
Edition statement 8th thous., corrected
260 ## - PUBLICATION, DISTRIBUTION, ETC.
Place of publication, distribution, etc. London
Name of publisher, distributor, etc. John Weale
Date of publication, distribution, etc. 1839
300 ## - PHYSICAL DESCRIPTION
Extent 125 p.
Dimensions 17 cm.
583 ## - ACTION NOTE
Action Condition reviewed
Time/date of action 20120620
Status condition level 1
651 #4 - SUBJECT ADDED ENTRY--GEOGRAPHIC NAME
Geographic name Great Britain
Chronological subdivision 1707-
690 ## - LOCAL SUBJECT ADDED ENTRY--TOPICAL TERM (OCLC, RLIN)
Topical term or geographic name as entry element Landlord and tenant
9 (RLIN) 6252
942 ## - ADDED ENTRY ELEMENTS (KOHA)
Suppress in OPAC 0
Holdings
Withdrawn status Lost status Source of classification or shelving scheme Damaged status Not for loan Home library Current library Shelving location Date acquired Total Checkouts Full call number Barcode Date last seen Copy number Price effective from Koha item type
    Dewey Decimal Classification     Historic collection Historic collection Historic collection 18/04/2012   OCTAVO 1839 INWOOD 30076751 06/08/2019 1 06/08/2019 Book